• 首页
  • 本馆介绍
  • 公告通知
  • 最新文献
  • 馆藏检索
  • 电子资源
  • 读者导购
  • 参考咨询
  • 我的图书馆
  • 登录
  • 详细信息显示
  • 放入我的书架
  • 预约/预借图书
  • 作者相关作品
  • 分类相关作品
  • 丛书相关作品
  • 出版社相关作品

书目信息

  • 表格格式
  • 工作单格式
  • 卡片格式
题名:
从0开始“恋”瑜伽
    
 
作者: 杨振琛 , 温雪清 主编
分册:  
出版信息: 南京   江苏凤凰科学技术出版社  2018
页数: 239页
开本: 23cm
丛书名:
单 册:
中图分类: R793.51
科图分类:
主题词: 瑜伽--基本知识
电子资源:
ISBN: 978-7-5537-8499-1
000 00910nam0 2200253 450
001 012001004510
005 20140928162349.0
010    @a978-7-5537-8499-1@dCNY49.80
100    @a20180513d2018 em y0chiy50 ea
101 0  @achi
102    @aCN@b320000
105    @aa z 000yy
106    @ar
200 1  @a从0开始“恋”瑜伽@9cong 0 kai shi“lian”yu jia@f杨振琛,温雪清主编
210    @a南京@c江苏凤凰科学技术出版社@d2018
215    @a239页@c彩图,彩照@d23cm
300    @a凤凰生活·瑜伽奇迹
330    @a本书通过瑜伽高级督导师亲身讲述练习瑜伽的好处、经历和经验,系统全面地介绍了瑜伽的正统概念和标准体式。针对瑜伽入门者,涵盖了瑜伽初学者需要了解的瑜伽常识,讲解了基本的瑜伽练习技巧。
606 0  @a瑜伽@x基本知识
690    @aR793.51@v5
701  0 @a杨振琛@9yang zhen chen@4主编
701  0 @a温雪清@9wen xue qing@c(女)@4主编
801  0 @aCN@b上海新华@c20180901
905    @b1166332-6@dR793.51@e16@f5
    
    从0开始“恋”瑜伽/杨振琛,温雪清主编.-南京:江苏凤凰科学技术出版社,2018
    239页:彩图,彩照;23cm
    凤凰生活·瑜伽奇迹
    
    ISBN 978-7-5537-8499-1:CNY49.80
    本书通过瑜伽高级督导师亲身讲述练习瑜伽的好处、经历和经验,系统全面地介绍了瑜伽的正统概念和标准体式。针对瑜伽入门者,涵盖了瑜伽初学者需要了解的瑜伽常识,讲解了基本的瑜伽练习技巧。
●
相关链接 在E读中查询图书 在五车中查询图书 在当当中查询图书 在豆瓣中查询图书


正题名:从0开始"恋"瑜伽     索取号:R793.51/16         预约/预借

序号 登录号 条形码 馆藏地/架位号 状态 备注
1 1166332   211663323   第二样本阅览室/ [索取号:R793.51/16] 在馆    
2 1166333   211663332   密集书库-资源管理系/ [索取号:R793.51/16] 在馆    
3 1166334   211663341   第三借阅区/ [索取号:R793.51/16] 在馆    
4 1166335   211663350   第三借阅区/ [索取号:R793.51/16] 在馆    
5 1166336   211663369   第三借阅区/ [索取号:R793.51/16] 在馆    
唐山师范学院图书馆 欢迎您!
大连网信软件有限公司© 版权所有